| 000 | 00724nam a2200253Ia 4500 | ||
|---|---|---|---|
| 003 | OSt | ||
| 005 | 20220928123926.0 | ||
| 006 | a|||||r|||| 00| 0 | ||
| 007 | ta | ||
| 008 | 220927b |||||||| |||| 00| 0 eng d | ||
| 020 | _cUKP 82.00 | ||
| 024 | _a144363 | ||
| 037 |
_b100, 12/03/2021, Classic Book Service _cTextual |
||
| 040 |
_aSDCL _cSDCL _beng |
||
| 041 |
_2eng _aeng |
||
| 082 | _aY:44, Q3 | ||
| 100 |
_aWarwick-Booth Louise _9462359 |
||
| 245 | 0 | _aSocial Inequality | |
| 260 |
_aNew Delhi _bSage _c2013 |
||
| 300 |
_axv,240p. _ccm. |
||
| 650 | _aPolitical Science | ||
| 942 |
_hY:44, Q3 _cTEXL _2CC |
||
| 999 |
_c775346 _d775346 |
||